Stedman's medical dictionary for the health professions and nursing/ (Record no. 10105)
[ view plain ]
| 000 -LEADER | |
|---|---|
| fixed length control field | 00529nam a2200145 4500 |
| 008 - FIXED-LENGTH DATA ELEMENTS--GENERAL INFORMATION | |
| fixed length control field | 151124b xxu||||| |||| 00| 0 eng d |
| 020 ## - INTERNATIONAL STANDARD BOOK NUMBER | |
| International Standard Book Number | 0781744261 |
| 050 ## - LIBRARY OF CONGRESS CALL NUMBER | |
| Classification number | SPE R 121.S8 2005 |
| 100 ## - MAIN ENTRY--PERSONAL NAME | |
| Personal name | Stedman,Thomas Lathrop. |
| Dates associated with a name | 2005 |
| 245 ## - TITLE STATEMENT | |
| Title | Stedman's medical dictionary for the health professions and nursing/ |
| Statement of responsibility, etc. | Thomas Lathrop Stedman |
| 250 ## - EDITION STATEMENT | |
| Edition statement | Illustrated 5th ed. |
| 300 ## - PHYSICAL DESCRIPTION | |
| Extent | xxxi, 1595(557) p. :ill. |
| Other physical details | Includes index. |
| 650 ## - SUBJECT ADDED ENTRY--TOPICAL TERM | |
| Topical term or geographic name as entry element | Medicine-Dictionary-English. |
| 942 ## - ADDED ENTRY ELEMENTS (KOHA) | |
| Source of classification or shelving scheme | |
| Koha item type | Hard Covered Materials |
| Classification part | SPE R 121.S8 2005 |
| Withdrawn status | Lost status | Source of classification or shelving scheme | Damaged status | Not for loan | Home library | Current library | Date acquired | Source of acquisition | Total Checkouts | Full call number | Barcode | Date last seen | Price effective from | Koha item type |
|---|---|---|---|---|---|---|---|---|---|---|---|---|---|---|
| MACHAKOS UNIVERSITY LIBRARY | MACHAKOS UNIVERSITY LIBRARY | 24/11/2015 | Donation (B.F.A) | SPE R 121.S8 2005 | 18675 | 24/11/2015 | 24/11/2015 | Hard Covered Materials |